• 首页
  • 本馆介绍
  • 公告通知
  • 最新文献
  • 馆藏检索
  • 电子资源
  • 读者导购
  • 参考咨询
  • 我的图书馆
  • 登录
  • 详细信息显示
  • 放入我的书架
  • 预约/预借图书
  • 作者相关作品
  • 分类相关作品
  • 丛书相关作品
  • 出版社相关作品

书目信息

  • 表格格式
  • 工作单格式
  • 卡片格式
题名:
历史名城
    
 
作者: 黄泽全
分册:  
出版信息:   北京当代世界出版社  1996. 6
页数: 282页
开本: 小32开
丛书名:
单 册:
中图分类: K915
科图分类:
主题词: 地理--世界
电子资源:
ISBN: 978-7-5201-3059-2
000 00511nam0 2200193 45
001 0308271071
005 20030827105618.0
010    @a978-7-5201-3059-2@dRMB12.00
100    @a20030827d1996 km y0chiy0120 ea
101    @achi
105    @a z 000yy
200 1  @a历史名城@Ali shi ming cheng@f黄泽全@Fhuang ze quan
210    @c北京当代世界出版社@d1996. 6
215    @a282页@c无图表@d小32开
606 0  @a地理@x世界
690    @aK915@v3
701  0 @a黄泽全
801    @aCN@b@c20030827
905    @aBZT@dK915@e17
    
    历史名城/黄泽全.-北京当代世界出版社,1996. 6
    282页:无图表;小32开
    
    
    ISBN 978-7-5201-3059-2:RMB12.00
    
●
相关链接 在五车中查询图书 在当当中查询图书 在豆瓣中查询图书


正题名:历史名城     索取号:K915/17         预约/预借

序号 登录号 条形码 馆藏地/架位号 状态 备注
1 78091   200246439   中心书库南/015架A面5层5列/ [索取号:K915/17] 在馆    
2 78092   200246402   中心书库南/015架A面5层5列/ [索取号:K915/17] 在馆    
3 78093   200246395   中心书库南/015架A面5层5列/ [索取号:K915/17] 在馆    
4 78094   200246420   中心书库南/015架A面5层5列/ [索取号:K915/17] 在馆    
5 78095   200246411   中心书库南/015架A面5层5列/ [索取号:K915/17] 在馆    
山东省滨州职业学院图书馆 欢迎您!
大连网信软件有限公司© 版权所有